000 00617nam a2200217Ia 4500
003 OSt
005 20221007071755.0
006 a|||||r|||| 00| 0
007 ta
008 221006b |||||||| |||| 00| 0 eng d
024 _a12,497
037 _cReference Collections
040 _aFLL
_cFLL
_beng
041 _2eng
_aeng
082 _aV3:13(X).N9t, L3
245 0 _aFinancial and economic aspects of regionalism
260 _aLondon
_bHer Majesty's Stationery Office London
_c1973
300 _a101p
_ccm.
942 _hV3:13(X).N9t, L3
_cREF
_2CC
999 _c1144257
_d1144257